Normal view
MARC view
- Alvi,Abu Masood Hasan
Entry Personal Name
001 - CONTROL NUMBER
- control field: 132763
003 - CONTROL NUMBER IDENTIFIER
- control field: NUST
005 - DATE AND TIME OF LATEST TRANSACTION
- control field: 20260116121158.0
008 - FIXED-LENGTH DATA ELEMENTS
- fixed length control field: 260116|| aca||aabn | a|a d
040 ## - CATALOGING SOURCE
- Original cataloging agency: NUST
- Transcribing agency: NUST
100 ## - HEADING--PERSONAL NAME
- Personal name: Alvi,Abu Masood Hasan
670 ## - SOURCE DATA FOUND
- Source citation: Work cat.: (NUST)187715: Alvi,Abu Masood Hasan, Tadrees Lughat-ul-Quran /
